000 00538nam a2200205Ia 4500
005 20250326144356.0
008 250326s9999 xx 000 0 und d
020 _a0-7506-5294-2
037 _aTextbook
040 _aFMSL
_beng
_cFMSL
041 _aeng
_2eng
084 _aX:513 P4
_qFMSL
100 _aCopley P
_9741429
245 0 _aMarketing communication management
_cCopley P
260 _aIndia
_bIndia, Elsevier
_c2004
300 _a441p
365 _b495
942 _cTB
_hX:513 P4
999 _c1303479
_d1303479